Código civil (Registo nº 4547)

Detalhes MARC
000 -Etiqueta do registo
Valores 00537nam a2200217 4500
010 ## - Número ISBN
ISBN 9789724081953
021 ## - Número do Depósito Legal
Número 461293/19
100 ## - Dados gerais de processamento
Dados gerais 20240408d u||y0pory50 ba
200 ## - Titulo e menção de responsabilidade
Título próprio Código civil
Informação de outro título Código de processo civil
205 ## - Menção da edição
Edição 7ª ed.
210 ## - Publicação
Local de publicação Coimbra
Nome do editor Almedina
Data de publicação 2019
215 ## - Descrição física 
Paginação / Volumes 823 p.
225 ## - Colecção 
Título próprio da colecção Lei e processo
606 ## - Nome comum usado como assunto
ID Autoridade 4426
Palavra de ordem Direito
606 ## - Nome comum usado como assunto
ID Autoridade 4427
Palavra de ordem Legislação
675 ## - CDU
Notação 347
Edição BN
Língua por
801 ## - Fonte de origem
País PT
Agência BMVN
Regras de catalogação RPC
830 ## - Notas gerais do catalogador
Criado por Tânia Croca
Data de criação 08/04/2024
990 ## - Elementos KOHA
Tipo de documento Livro
Exemplares
Situação do levantamento Biblioteca de origem Código de barras Cota Permissão de empréstimo Tipo de documento Forma de aquisição
  Biblioteca Municipal de Vendas Novas 100000020434 DL COD   Livro  

Powered by Koha